Insertion devices for synchrotron radiation and free electron laser

Spremljeno u:
Bibliografski detalji
Format: Sách
Jezik:Undetermined
Izdano:  World Scientific  2000
Teme:
Oznake: Dodaj oznaku
Bez oznaka, Budi prvi tko označuje ovaj zapis!
Thư viện lưu trữ: Trung tâm Thư viện - Trường Đại học Công nghiệp TP. Hồ Chí Minh
LEADER 00455nam a2200133Ia 4500
001 UIH_07678
008 231011s9999 xx 000 0 und d
082 |a  539.7 
245 0 |a  Insertion devices for synchrotron radiation and free electron laser 
260 |b  World Scientific 
260 |c  2000 
650 |a   Bức xạ nguyên tử;  
927 |a Sách 
980 |a Trung tâm Thư viện - Trường Đại học Công nghiệp TP. Hồ Chí Minh